Almanzor, el genio militar y político andalusí bakalárska práca

Gespeichert in:
Bibliographische Detailangaben
1. Verfasser: Fini, Federica
Körperschaft: Fakulta aplikovaných jazykov EU v Bratislave. Katedra románskych a slovanských jazykov
Weitere Verfasser: Maarová, Iveta
Format: Buch
Sprache:Spanisch
Veröffentlicht: Bratislava 2018
Tags: Tag hinzufügen
Keine Tags, Fügen Sie das erste Tag hinzu!

MARC

LEADER 00000nbm a2200000 4500
001 0244038
005 20181011091615.2
041 0 |a spa 
044 |a SK 
245 1 0 |a Almanzor, el genio militar y político andalusí  |b bakalárska práca  |c Federica Fini ; školiteľ: Iveta Maarová 
264 1 |a Bratislava  |c 2018 
300 |a 49 s. 
100 1 |a Fini, Federica 
700 1 |a Maarová, Iveta 
710 2 |a Fakulta aplikovaných jazykov EU v Bratislave. Katedra románskych a slovanských jazykov